| 000 | 00615nam a2200241Ia 4500 | ||
|---|---|---|---|
| 003 | OSt | ||
| 005 | 20220924151124.0 | ||
| 006 | a|||||r|||| 00| 0 | ||
| 007 | ta | ||
| 008 | 220923b |||||||| |||| 00| 0 kan d | ||
| 020 | _c70 | ||
| 024 | _a336205 | ||
| 037 | _cTextual | ||
| 040 |
_aARTS _cARTS _bkan |
||
| 041 |
_2kan _akan |
||
| 082 | _aY:1.213, 33N9 | ||
| 100 |
_aLakshmanagowda Mekanagadde _9223610 |
||
| 245 | 0 | _aBrahmalingeshwarana madilalli | |
| 260 | _c1999 | ||
| 650 | _aSOCIOLOGY | ||
| 942 |
_hY:1.213, 33N9 _cTEXL _2CC |
||
| 999 |
_c465598 _d465598 |
||